Islamyat o Mutalia Pakistan (Record no. 34846)

MARC details
000 -LEADER
fixed length control field 00380nam a22001457a 4500
005 - DATE AND TIME OF LATEST TRANSACTION
control field 20231208091901.0
008 - FIXED-LENGTH DATA ELEMENTS--GENERAL INFORMATION
fixed length control field 231208b |||||||| |||| 00| 0 eng d
082 ## - DEWEY DECIMAL CLASSIFICATION NUMBER
Classification number 214
Item number YAS
100 ## - MAIN ENTRY--AUTHOR
Author Name Yaseen, Khan Muhammad
245 ## - TITLE STATEMENT
Title Islamyat o Mutalia Pakistan
260 ## - PUBLICATION, DISTRIBUTION, ETC.
Place of Publication Lahore, Pakistan
Name of publisher, distributor, etc. Ilmi Kitab Khana
Date of publication, distribution, etc. 2011
300 ## - PHYSICAL DESCRIPTION
Pages 247
650 ## - SUBJECT ADDED ENTRY--TOPICAL TERM
Subject / Department religion/Other Religion

No items available.

Powered by Koha